000
00201 a2200097 4500
001
8609
100
_a
Mir Bashir
245
_a
Ramooz-e-Dasat Shanasi
260
_a
_b
Ferozsons
_c
090
_c
6932
_d
6932
942
_a
NUST-CAE
_c
M
_c
33525
999
_c
243682
_d
243682